000 00613nam a2200241 a 4500
001 nice12345678
003 IN_TiNIC
005 20260116013800.0
008 050524s1994 alba grp 000 0 eng
020 _a
_c1193.7
082 0 0 _a305.4
_bSHA1
100 _aSharma, Arvind
245 _aTodays`s Woman in World Religions.
260 _aAlbany
_bState University of New York
_c1994
300 _a459p
500 _aincludes index and biblioraphy
505 2 _aBibliography, Index
650 _aWomen and Religion
700 1 _aSharma, Arvind
902 _bSRS
942 _cBK
999 _c12468
_d12468